00861nam a2200241 a 4500001001000000003000900010005001700019008004100036040002500077049000900102082001900111100003200130245007900162250001100241260004400252300003100296500004100327650006100368700004900429942001400478952011200492999001500604000006103DO-SdBNP20260206120934.0090826s1988 dr c 001 0 spa d aDO-SdBNPbspacBNPHU aBNPD 4a364bD637i2221 aDoctel Matos, Hector91719210aIntroducción al estudio de la criminología / :bHéctor Doctel Matos. a3a ed. aSanto Domingo, :bSoto Castillo,c1988. a167 p. :bretrs. ;c21 cm. aIncluye referencias bibliográficas 7aCriminologíaxColecciones de escritos9170892LIBRUNAM1 aCabral Ortega, Héctor A.eprólogo917194 2ddccLBS1 0010718PDaPDbPDcCTd2009-08-26iLF1l0o364 D637ip6103-10r2020-06-25w2020-06-25yLFPDZNo se presta c5899d5899